Hitler versus Picasso (Record no. 44796)

MARC details
000 -Etiqueta do registo
Valores 00495nam a2200181 4500
100 ## - Dados gerais de processamento
Dados gerais 20250919 pory50
101 ## - Língua de publicação
Língua por
-- it
102 ## - País de publicação
País PT
200 ## - Titulo e menção de responsabilidade
Título próprio Hitler versus Picasso
Informação de outro título a obsessão Nazi pela Arte
Primeira menção de responsabilidade realiz. Claudio Poli
Outras menções de responsabilidade arg. Didi Gnocchi
210 ## - Publicação
Local de publicação Itália
Nome do editor Festa do Cinema Italiano .com
Data de publicação [2019]
215 ## - Descrição física 
Paginação / Volumes 1 DVD
225 ## - Colecção 
Título próprio da colecção Festa do Cinema Italiano
Indicação de volume 7
300 ## - Notas gerais 
Texto da nota M/12<br/>95 m.
675 ## - CDU
Notação 7
801 ## - Fonte de origem
País PT
Regras de catalogação RPC
990 ## - Elementos KOHA
Tipo de documento Filme DVD
Holdings
Aquisição Empréstimo Código de barras Cota Permissão de empréstimo Tipo de documento Nota relativa ao exemplar
Biblioteca Escolar Doutor Hernâni Cidade Biblioteca Escolar Doutor Hernâni Cidade 80946 DOC ART POL   Filme DVD 483 Documentário sobre Arte roubada e destruida pelos Nazis

Powered by Koha